Približovanie právneho poriadku Slovenskej republiky právu krajín Európskej únie v odvetví cestovného ruchu
Pripravované zmeny v právnej úprave služieb cestovného ruchu v krajinách Európskej únie. Prijatie Smernice o organizovanom cestovnom ruchu, organizovaných dovolenkových pobytoch a organizovaných zájazdoch č. 90/314/EEC 13. júna 1990. Dopad Smernice na zmeny v právnom poriadku Slovenskej republiky. Z...
Na minha lista:
| Formato: | Capítulo de Livro |
|---|---|
| Idioma: | eslovaco |
| Assuntos: | |
| Tags: |
Sem tags, seja o primeiro a adicionar uma tag!
|
MARC
| LEADER | 00000naa a2200000 4500 | ||
|---|---|---|---|
| 001 | r021152 | ||
| 005 | 20230809082031.0 | ||
| 041 | 0 | |a slo | |
| 044 | |a SK | ||
| 245 | 1 | 0 | |a Približovanie právneho poriadku Slovenskej republiky právu krajín Európskej únie v odvetví cestovného ruchu |
| 520 | |a Pripravované zmeny v právnej úprave služieb cestovného ruchu v krajinách Európskej únie. Prijatie Smernice o organizovanom cestovnom ruchu, organizovaných dovolenkových pobytoch a organizovaných zájazdoch č. 90/314/EEC 13. júna 1990. Dopad Smernice na zmeny v právnom poriadku Slovenskej republiky. Zameranie Smernice, vymedzenie pojmov. Zmluvný vzťah medzi organizátorom alebo maloobchodným predajcom a spotrebiteľom. Zodpovednosť organizátora a maloobchodného predajcu. | ||
| 610 | 2 | 0 | |a ruch cestovný |
| 610 | 2 | 0 | |a Európska únia |
| 610 | 2 | 0 | |a smernice |
| 610 | 2 | 0 | |a ponuka |
| 610 | 2 | 0 | |a služby |
| 610 | 2 | 0 | |a predajcovia |
| 610 | 2 | 0 | |a spotrebitelia |
| 610 | 2 | 0 | |a vzťahy zmluvné |